LeBron... or Kobe? - Statistics

General Stats
  • This quiz has been taken 70,460 times
  • The average score is 12 of 15
Answer Stats
Question Answer % Correct
Grew up in Akron, Ohio LeBron
93%
Is taller LeBron
93%
Scored 81 points in a single NBA game Kobe
91%
Speaks fluent Italian Kobe
90%
His father played in the NBA Kobe
88%
Has more assists per game LeBron
84%
Has won more NBA MVP awards LeBron
82%
Is a better free throw shooter Kobe
80%
Went directly from high school to the NBA Both
79%
Has his own line of Nike shoes Both
75%
Was drafted with the first overall pick LeBron
74%
Has a higher field goal percentage LeBron
73%
Has won more NBA championships Kobe
72%
Won the NBA dunk contest Kobe
67%
Played on the same team as Shaq Both
63%
No matching quizzes found
Score Distribution
Percent of People with Each Score
Percentile by Number Answered
Your Score History
You have not taken this quiz